<?xml version="1.0" encoding="UTF-8"?>
<collection xmlns="http://www.loc.gov/MARC21/slim">
 <record>
  <leader>03233cam a2200673   4500</leader>
  <controlfield tag="001">027230090</controlfield>
  <controlfield tag="003">DE-627</controlfield>
  <controlfield tag="005">20241215023808.0</controlfield>
  <controlfield tag="007">tu</controlfield>
  <controlfield tag="008">710101s1978    gw |||||      00| ||ger c</controlfield>
  <datafield tag="020" ind1=" " ind2=" ">
   <subfield code="a">3422006842</subfield>
   <subfield code="9">3-422-00684-2</subfield>
  </datafield>
  <datafield tag="035" ind1=" " ind2=" ">
   <subfield code="a">(DE-627)027230090</subfield>
  </datafield>
  <datafield tag="035" ind1=" " ind2=" ">
   <subfield code="a">(DE-576)007642342</subfield>
  </datafield>
  <datafield tag="035" ind1=" " ind2=" ">
   <subfield code="a">(DE-599)GBV027230090</subfield>
  </datafield>
  <datafield tag="035" ind1=" " ind2=" ">
   <subfield code="a">(OCoLC)4704879</subfield>
  </datafield>
  <datafield tag="035" ind1=" " ind2=" ">
   <subfield code="a">(OCoLC)310475950</subfield>
  </datafield>
  <datafield tag="035" ind1=" " ind2=" ">
   <subfield code="a">(OCoLC)214627473</subfield>
  </datafield>
  <datafield tag="040" ind1=" " ind2=" ">
   <subfield code="a">DE-627</subfield>
   <subfield code="b">ger</subfield>
   <subfield code="c">DE-627</subfield>
   <subfield code="e">rakwb</subfield>
  </datafield>
  <datafield tag="041" ind1=" " ind2=" ">
   <subfield code="a">ger</subfield>
  </datafield>
  <datafield tag="044" ind1=" " ind2=" ">
   <subfield code="c">XA-DE</subfield>
  </datafield>
  <datafield tag="082" ind1="0" ind2=" ">
   <subfield code="a">708.3</subfield>
   <subfield code="q">OCLC</subfield>
  </datafield>
  <datafield tag="084" ind1=" " ind2=" ">
   <subfield code="a">14a</subfield>
   <subfield code="2">sdnb</subfield>
  </datafield>
  <datafield tag="084" ind1=" " ind2=" ">
   <subfield code="a">9,10</subfield>
   <subfield code="2">ssgn</subfield>
  </datafield>
  <datafield tag="084" ind1=" " ind2=" ">
   <subfield code="a">AK 88650</subfield>
   <subfield code="2">rvk</subfield>
   <subfield code="0">(DE-625)rvk/2727:11140</subfield>
  </datafield>
  <datafield tag="084" ind1=" " ind2=" ">
   <subfield code="a">02.30</subfield>
   <subfield code="2">bkl</subfield>
  </datafield>
  <datafield tag="084" ind1=" " ind2=" ">
   <subfield code="a">20.70</subfield>
   <subfield code="2">bkl</subfield>
  </datafield>
  <datafield tag="084" ind1=" " ind2=" ">
   <subfield code="a">21.71</subfield>
   <subfield code="2">bkl</subfield>
  </datafield>
  <datafield tag="245" ind1="1" ind2="4">
   <subfield code="a">Das Germanische Nationalmuseum Nürnberg 1852 - 1977</subfield>
   <subfield code="b">Beiträge zu seiner Geschichte</subfield>
   <subfield code="c">im Auftrag des Museums hrsg. von Bernward Deneke und Rainer Kahsnitz</subfield>
  </datafield>
  <datafield tag="246" ind1="3" ind2="3">
   <subfield code="a">1852-1977</subfield>
  </datafield>
  <datafield tag="264" ind1=" " ind2="1">
   <subfield code="a">München [u.a.]</subfield>
   <subfield code="b">Dt. Kunstverl.</subfield>
   <subfield code="c">1978</subfield>
  </datafield>
  <datafield tag="300" ind1=" " ind2=" ">
   <subfield code="a">1242 S.</subfield>
   <subfield code="b">zahlr. Ill.</subfield>
  </datafield>
  <datafield tag="336" ind1=" " ind2=" ">
   <subfield code="a">Text</subfield>
   <subfield code="b">txt</subfield>
   <subfield code="2">rdacontent</subfield>
  </datafield>
  <datafield tag="337" ind1=" " ind2=" ">
   <subfield code="a">ohne Hilfsmittel zu benutzen</subfield>
   <subfield code="b">n</subfield>
   <subfield code="2">rdamedia</subfield>
  </datafield>
  <datafield tag="338" ind1=" " ind2=" ">
   <subfield code="a">Band</subfield>
   <subfield code="b">nc</subfield>
   <subfield code="2">rdacarrier</subfield>
  </datafield>
  <datafield tag="361" ind1="1" ind2=" ">
   <subfield code="5">DE-39</subfield>
   <subfield code="y">1172510431</subfield>
   <subfield code="s">B 04535</subfield>
   <subfield code="o">Vorbesitz</subfield>
   <subfield code="a">Steguweit, Wolfgang</subfield>
   <subfield code="0">(DE-588)109133854</subfield>
   <subfield code="0">(DE-627)571655009</subfield>
   <subfield code="0">(DE-576)163174350</subfield>
   <subfield code="f">Exemplar: Donator</subfield>
  </datafield>
  <datafield tag="500" ind1=" " ind2=" ">
   <subfield code="a">Literaturverz. S. 1196 - 1198</subfield>
  </datafield>
  <datafield tag="561" ind1=" " ind2=" ">
   <subfield code="5">DE-39</subfield>
   <subfield code="3">Exemplarsatz-ID: 1172510431, Signatur: B 04535</subfield>
   <subfield code="a">Vorbesitz: Steguweit, Wolfgang ; http://d-nb.info/gnd/109133854 / Exemplar: Donator</subfield>
  </datafield>
  <datafield tag="583" ind1="1" ind2=" ">
   <subfield code="a">Massenentsäuerung nicht möglich</subfield>
   <subfield code="2">pdager</subfield>
   <subfield code="5">DE-H13</subfield>
  </datafield>
  <datafield tag="583" ind1="1" ind2=" ">
   <subfield code="a">Archivierung/Langzeitarchivierung gewährleistet</subfield>
   <subfield code="f">SSG</subfield>
   <subfield code="x">XA-DE-BW</subfield>
   <subfield code="2">pdager</subfield>
   <subfield code="5">DE-16</subfield>
  </datafield>
  <datafield tag="655" ind1=" " ind2="7">
   <subfield code="a">Aufsatzsammlung</subfield>
   <subfield code="0">(DE-588)4143413-4</subfield>
   <subfield code="0">(DE-627)105605727</subfield>
   <subfield code="0">(DE-576)209726091</subfield>
   <subfield code="2">gnd-content</subfield>
  </datafield>
  <datafield tag="689" ind1="0" ind2="0">
   <subfield code="d">b</subfield>
   <subfield code="0">(DE-588)36441-1</subfield>
   <subfield code="0">(DE-627)100837735</subfield>
   <subfield code="0">(DE-576)190346388</subfield>
   <subfield code="a">Germanisches Nationalmuseum</subfield>
   <subfield code="2">gnd</subfield>
  </datafield>
  <datafield tag="689" ind1="0" ind2="1">
   <subfield code="a">z</subfield>
   <subfield code="2">gnd</subfield>
   <subfield code="a">Geschichte 1852-1977</subfield>
  </datafield>
  <datafield tag="689" ind1="0" ind2=" ">
   <subfield code="5">(DE-627)</subfield>
  </datafield>
  <datafield tag="700" ind1="1" ind2=" ">
   <subfield code="a">Deneke, Bernward</subfield>
   <subfield code="d">1928-2018</subfield>
   <subfield code="e">HerausgeberIn</subfield>
   <subfield code="0">(DE-588)1023932059</subfield>
   <subfield code="0">(DE-627)718803981</subfield>
   <subfield code="0">(DE-576)367664828</subfield>
   <subfield code="4">edt</subfield>
  </datafield>
  <datafield tag="700" ind1="1" ind2=" ">
   <subfield code="a">Kahsnitz, Rainer</subfield>
   <subfield code="d">1936-</subfield>
   <subfield code="e">HerausgeberIn</subfield>
   <subfield code="0">(DE-588)107493896</subfield>
   <subfield code="0">(DE-627)502582367</subfield>
   <subfield code="0">(DE-576)161634389</subfield>
   <subfield code="4">edt</subfield>
  </datafield>
  <datafield tag="710" ind1="2" ind2=" ">
   <subfield code="a">Germanisches Nationalmuseum</subfield>
   <subfield code="e">AuftraggeberIn</subfield>
   <subfield code="0">(DE-588)36441-1</subfield>
   <subfield code="0">(DE-627)100837735</subfield>
   <subfield code="0">(DE-576)190346388</subfield>
   <subfield code="4">pat</subfield>
  </datafield>
  <datafield tag="787" ind1="0" ind2="8">
   <subfield code="i">Rezension</subfield>
   <subfield code="a">Dilly, Heinrich, 1941 - 2019</subfield>
   <subfield code="t">Deneke, Bernward, Das Germanische Nationalmuseum Nürnberg 1852 - 1977</subfield>
   <subfield code="d">1979</subfield>
   <subfield code="w">(DE-627)1464869952</subfield>
   <subfield code="w">(DE-576)394869958</subfield>
  </datafield>
  <datafield tag="856" ind1="4" ind2="2">
   <subfield code="u">https://swbplus.bsz-bw.de/bsz007642342inh.htm</subfield>
   <subfield code="m">B:DE-576;DE-16</subfield>
   <subfield code="q">application/pdf</subfield>
   <subfield code="v">20081204161716</subfield>
   <subfield code="x">Verlag</subfield>
   <subfield code="3">Inhaltsverzeichnis</subfield>
  </datafield>
  <datafield tag="935" ind1=" " ind2=" ">
   <subfield code="a">BGTS</subfield>
  </datafield>
  <datafield tag="935" ind1=" " ind2=" ">
   <subfield code="i">Blocktest</subfield>
  </datafield>
  <datafield tag="936" ind1="r" ind2="v">
   <subfield code="a">AK 88650</subfield>
   <subfield code="b">Nürnberg</subfield>
   <subfield code="k">Allgemeines</subfield>
   <subfield code="k">Museumswesen, Museologie, Museumswissenschaft</subfield>
   <subfield code="k">Einzelne Museen</subfield>
   <subfield code="k">Deutschland</subfield>
   <subfield code="k">Nürnberg</subfield>
   <subfield code="0">(DE-627)1272105903</subfield>
   <subfield code="0">(DE-625)rvk/2727:11140</subfield>
   <subfield code="0">(DE-576)202105903</subfield>
  </datafield>
  <datafield tag="936" ind1="b" ind2="k">
   <subfield code="a">02.30</subfield>
   <subfield code="j">Museumskunde</subfield>
   <subfield code="0">(DE-627)106403192</subfield>
  </datafield>
  <datafield tag="936" ind1="b" ind2="k">
   <subfield code="a">20.70</subfield>
   <subfield code="j">Europäische Kunst: Allgemeines</subfield>
   <subfield code="0">(DE-627)106406566</subfield>
  </datafield>
  <datafield tag="936" ind1="b" ind2="k">
   <subfield code="a">21.71</subfield>
   <subfield code="j">Geschichte öffentlicher Bauten</subfield>
   <subfield code="0">(DE-627)106421263</subfield>
  </datafield>
  <datafield tag="951" ind1=" " ind2=" ">
   <subfield code="a">BO</subfield>
  </datafield>
  <datafield tag="990" ind1=" " ind2=" ">
   <subfield code="a">Germanisches Nationalmuseum</subfield>
  </datafield>
  <datafield tag="990" ind1=" " ind2=" ">
   <subfield code="a">Geschichte 1852-1977</subfield>
  </datafield>
  <datafield tag="991" ind1=" " ind2=" ">
   <subfield code="a">Rezensiertes Werk</subfield>
  </datafield>
  <datafield tag="999" ind1=" " ind2=" ">
   <subfield code="a">KXP-PPN027230090</subfield>
   <subfield code="e">4003361407</subfield>
  </datafield>
 </record>
</collection>
